| 000 | 00497nmm a2200169Ia 4500 | ||
|---|---|---|---|
| 008 | 251105s9999||||xx |||||||||||||||||und|| | ||
| 020 | _a9789587712759 | ||
| 041 | _aspa | ||
| 100 | _aHernández, Jose | ||
| 245 | 0 | _aGerencia de proyectos con Project 2013 | |
| 264 |
_a[Bogotá, Colombia] : _bEcoe Ediciones, _c2016 |
||
| 300 | _a276 páginas | ||
| 490 | _aCiencias empresariales | ||
| 650 | _aEconomics and Business | ||
| 856 | _uhttps://public.digitaliapublishing.com/a/47108 | ||
| 942 | _cCF | ||
| 999 |
_c96179 _d96179 |
||